00672nam a22001697a 450000500170000001000150001702000260003203500140005803700090007208200140008110000540009524500810014926000770023027000990030730000190040650000770042520241009105613.0 aENG-141992 a9789352922178c195.00 aEN-125524 bDBAD a621.31924 aNational Council of Educational Research Training aWireman Control Panel/cBy National Council of Educational Research Training aNew Delhi bNational Council of Educational Research and Training c2010 aNational Council of Educational Research and Training Shri Aurobindo Marg bNew Delhi e110016 a225pc28cm(pb) aQualification Pack: Ref Id ELE/q7302 Sector: Electronics for Classes XI